|
|
|
|
| LEADER |
00000cam a2200000 7i4500 |
| 001 |
0000000470 |
| 005 |
20040713093000.0 |
| 008 |
021118s1960 |
| 090 |
0 |
0 |
|a BP60
|b .Z3 1960
|
| 100 |
0 |
|
|a زكي، عبد الرحمن ,
|e author
|
| 245 |
1 |
2 |
|a المسلمون فى العالم اليوم
|c عبد الرحمن زكي
|
| 260 |
2 |
|
|a Qahirah :
|b Maktabah al-Nahdah al-Misriyyah ,
|c 1960
|
| 300 |
|
|
|a 198 p. ; illus, maps. ;
|c 24 cm.
|
| 650 |
|
0 |
|a Islam
|y 20th century
|
| 745 |
0 |
3 |
|a al-Muslimun fi al-`alam al-yawm
|
| 999 |
|
|
|a 1000015613
|b Book
|c OPEN SHELF (30 DAYS)
|e Gong Badak Campus
|
| 999 |
|
|
|a 1000015614
|b Book
|c OPEN SHELF (30 DAYS)
|e Gong Badak Campus
|
| 999 |
|
|
|a 1000015615
|b Book
|c OPEN SHELF (30 DAYS)
|e Gong Badak Campus
|
| 999 |
|
|
|a 1000015616
|b Book
|c OPEN SHELF (30 DAYS)
|e Gong Badak Campus
|
| 999 |
|
|
|a 1000015617
|b Book
|c OPEN SHELF (30 DAYS)
|e Gong Badak Campus
|